000 00446nam a2200157Ia 4500
008 210716s2011 xx 000 0 und d
020 _a9788131761960
041 _aeng
082 _a005.368 WOOE
100 _aWoodward, Elizabeth; Surdek, Steffan; Ganis, Matthew.
245 _aPractical guide to distributed scrum.
250 _a1
260 _aNew Delhi
_bPearson Education
_c2011
300 _axxxiv, 189
650 _aSoftware Engineering
999 _c192057
_d192057